Представление документа в формате MARC21

Поле Инд. ПП Название Значение
Тип записи a
Библиографический уровень m
001 Контрольный номер c841cde868c9493f89af0bf8dd7f534a
005 Дата корректировки 20161118154301.3
008 Кодируемые данные 080506
020 a ISBN 5-7995-0293-0
c Цена, тираж 70.00
040 a Служба первич. каталог. НБ ТвГУ
041 a Код языка текста rus
080 a Индекс УДК 519.17(075.8)
a Индекс УДК 519.85(075.8)
084 a Индекс другой классификации/Индекс ББК В174.2я73-1
a Индекс другой классификации/Индекс ББК В183.4я73-1
090 x Авторский знак Б48
a Полочн. индекс В174.2
100 1_ a Автор Берзин Евгений Александрович
245 10 a Заглавие Элементарные решения неэлементарных задач на графах
b Продолж. заглавия учебное пособие
c Ответственность Е. А. Берзин ; [под ред. А. Н. Кудинова] ; Твер. гос. техн.
260 0_ a Место издания Тверь
b Издательство ТГТУ
c Дата издания 2005
300 a Объем 136 с.
b Иллюстрации/ тип воспроизводства ил., табл.
504 a Библиография Библиогр.: с. 134.
583 a Действие Получение впервые 117 05.05.2008
k Исполнитель действия Дар ТГТУ
650 a Основная рубрика Графов теория
650 a Основная рубрика Программирование математическое
650 a Основная рубрика Оптимизация (мат.)
x Основная подрубрика Задачи
x Основная подрубрика Решение
x Основная подрубрика Учебники для вузов
653 a Ключевые слова Графы (мат.)
a Ключевые слова Теория графов
a Ключевые слова Задачи на графах
a Ключевые слова Оптимизация на графах
a Ключевые слова Математическое программирование
700 1_ a Другие авторы Кудинов А. Н.
e Роль лиц ред., авт. предисл.
852 t Порядковый номер экземпляра 1
p Инвентарный номер 907478
863 t 00218150
888 a Бесплатные
930 a Новая/Ретро учебники
952 p 117.2008 70.00 1 907478
c Вид литературы К ру
954 a Дата поступления на обработку 20081010
999 a Подразделение 2 Фил3